| 000 | 00356nam a2200133Ia 4500 | ||
|---|---|---|---|
| 005 | 20251222144716.0 | ||
| 008 | 251222s9999||||xx |||||||||||||| ||spa|| | ||
| 020 | _a978-84-9835-312-9 | ||
| 082 | _a615.5/J67 | ||
| 100 | _aJohnson, Jane | ||
| 245 | 0 | _aMasaje Profundo para la Liberación de Tejidos Blandos: | |
| 264 | _bMedica Panamericana | ||
| 942 | _cLIB | ||
| 999 |
_c18007 _d18007 |
||